The jewish role in American life : an annual review

Other Authors: Schoenberg, Jeremy, Zuckerman, Bruce
Published: Califonia, USA: Jewish Role, [2007]
Subjects:
LEADER 01034cam a2200265 7i4500
001 0000056719
005 20250316090000.0
008 250316t20072007xxua ### #00001eng##
020 # # |a 9781557534460  
040 # # |a UMT   |b eng   |c UMT   |d Worldcat   |e rda 
090 0 0 |a E 184.3   |b .J4 2007 
245 0 4 |a The jewish role in American life :   |b an annual review   |c editors by Bruce Zuckerman, Jeremy Schoenberg. 
264 # 4 |c ♭2007 
264 # 1 |a Califonia, USA:   |b Jewish Role,   |c [2007] 
300 # # |a xi, 142 pages:   |b illustrations;   |c 23 cm 
336 # # |a text --   |2 rdacontent 
337 # # |a unmediated --   |2 rdamedia 
338 # # |a volume --   |2 rdacarrier 
500 # # |a USC Casden Institute for the Study of the Jewish Role in American Life 
590 # # |a Pusat Pendidikan Asas dan Liberal 
650 0 0 |a United States --   |x Civilization --   |x Jewish influences --   |x Periodicals  
650 0 0 |a Jews --   |x Periodicals --   |z United States  
700 1 # |a Schoenberg, Jeremy  
700 1 # |a Zuckerman, Bruce  
999 |a 1100055031  |b Book  |c Open Shelf  |e KOLEKSI TERBUKA